000 00344 a2200109 4500
001 ART_54855
005 20260410161634.0
008 260409a
245 1 0 _aUna visión crítica sobre el tratamiento contable de los intrumentos derivados
100 1 _aMarchesano, Marisa
773 0 _tEnfoques
_g- N°11 (nov. 2021)
_wREV416
999 _c12704
_d12704